[Event "Ì13Ï"]
[Site "Loo"]
[Date "2017.04.28"]
[Round "9.21"]
[White "Âîëêîâ, Âëàäèñëàâ."]
[Black "Õàñàíîâ, Óðàë."]
[Result "0-1"]
[WhiteElo "1649"]
[BlackElo "1431"]
[PlyCount "112"]
[EventDate "2017.04.20"]

1. c4 e6 2. Nc3 Nf6 3. g3 d5 4. cxd5 exd5 5. Bg2 Be6 6. d3 Be7 7. Nf3 c5 8. O-O
O-O 9. h3 Nc6 10. d4 Rc8 11. Be3 c4 12. Kh2 a6 13. a3 Ne8 14. Ne1 b5 15. Nc2
Rb8 16. f4 f5 17. a4 b4 18. Nb1 a5 19. Ne1 Nf6 20. Nf3 Qd6 21. Qc2 Rfc8 22. Ne5
Nd8 23. Bd2 Rc7 24. Rc1 Rbc8 25. e3 Nf7 26. Nxf7 Kxf7 27. Be1 g6 28. Kh1 Rc6
29. Qe2 Nd7 30. Bf1 Nb6 31. Qd2 R6c7 32. Be2 Qd7 33. Bd1 Rc6 34. Kh2 Qc7 35.
Qc2 Qd7 36. Qe2 R8c7 37. Qc2 Qc8 38. Be2 Nd7 39. Qd2 Nf6 40. Bf3 c3 41. bxc3
bxc3 42. Qc2 Ne4 43. Bxe4 fxe4 44. Na3 Bb4 45. Nb5 Rb7 46. Qb3 Ke7 47. Rc2 Rc4
48. Rac1 Bd7 49. Bxc3 Bxc3 50. Rxc3 Bxb5 51. axb5 Rxc3 52. Rxc3 Qd7 53. Rc5 Ke6
54. g4 Qd6 55. Rc6 Qxc6 56. bxc6 Rxb3 0-1

[Event "Ì13Ï"]
[Site "Loo"]
[Date "2017.04.28"]
[Round "9.22"]
[White "Êóøíàðåíêî, Åãîð."]
[Black "Õàëèóëëèí, Àëüáåðò."]
[Result "0-1"]
[WhiteElo "1572"]
[BlackElo "1930"]
[PlyCount "48"]
[EventDate "2017.04.20"]

1. e4 e6 2. d4 d5 3. Nd2 Nf6 4. e5 Nfd7 5. Bd3 c5 6. c3 Nc6 7. Ne2 cxd4 8. cxd4
f6 9. exf6 Nxf6 10. Nf3 Bd6 11. O-O O-O 12. Bg5 Qe8 13. a3 Ne4 14. Bh4 Qh5 15.
Ng3 Qg4 16. h3 Qf4 17. Bxe4 dxe4 18. Bg5 Qf7 19. Nxe4 Bc7 20. Nc5 e5 21. d5 Nd4
22. Nd3 Nxf3+ 23. Qxf3 Qxf3 24. gxf3 Rxf3 {äàëåå çàïèñü íåðàçáîð~~èâà} 0-1

[Event "Ì13Ï"]
[Site "Loo"]
[Date "2017.04.28"]
[Round "9.23"]
[White "Ïîçäååâ, Àëåêñåé."]
[Black "Áðàòîâ, Àäåìèð."]
[Result "0-1"]
[WhiteElo "1833"]
[BlackElo "1579"]
[PlyCount "60"]
[EventDate "2017.04.20"]

1. d4 f5 2. Nf3 Nf6 3. g3 g6 4. Bg2 Bg7 5. O-O O-O 6. c4 d6 7. Nc3 Qe8 8. d5 a5
9. Qc2 Na6 10. b3 Bd7 11. Bb2 Nc5 12. e3 c6 13. Nd4 cxd5 14. Nxd5 Nxd5 15.
Bxd5+ e6 16. Bg2 e5 17. Bd5+ Kh8 18. Ne2 Bc6 19. Nc3 e4 20. Bxc6 bxc6 21. Ne2
Nd3 22. Bxg7+ Kxg7 23. Nc1 Ne5 24. Qc3 Kg8 25. Ne2 g5 26. Kh1 Qh5 27. Ng1 Rf6
28. f4 exf3 29. Rad1 f2 30. Rd2 fxg1=Q+ 0-1

[Event "Ì13Ï"]
[Site "Loo"]
[Date "2017.04.28"]
[Round "9.24"]
[White "Çàñïàíîâ, Êîíñòàíòèí."]
[Black "Êèðþøèí, Èâàí."]
[Result "1-0"]
[WhiteElo "1588"]
[BlackElo "1640"]
[PlyCount "21"]
[EventDate "2017.04.20"]

1. e4 c5 2. c3 d5 3. exd5 Qxd5 4. d4 e6 5. Be3 cxd4 6. cxd4 Bb4+ 7. Nc3 Nc6 8.
Bd3 Nge7 9. Nf3 Bd7 10. O-O h6 11. Nxd5 1-0

[Event "Ì13Ï"]
[Site "Loo"]
[Date "2017.04.28"]
[Round "9.25"]
[White "Øâåòêî, Ðîìàí."]
[Black "Íóäèí, Âëàäèñëàâ."]
[Result "0-1"]
[WhiteElo "1614"]
[BlackElo "1493"]
[PlyCount "96"]
[EventDate "2017.04.20"]

1. d4 d5 2. c4 c6 3. cxd5 cxd5 4. Nc3 e6 5. Bf4 Bb4 6. e3 Nf6 7. Bd3 Bd7 8.
Nge2 Nc6 9. O-O Nh5 10. Qc2 Nxf4 11. Nxf4 Rc8 12. Qe2 h5 13. Qf3 Qg5 14. Qg3
Qxg3 15. fxg3 Na5 16. Nfe2 Nc4 17. Bxc4 Rxc4 18. a3 Ba5 19. Rac1 O-O 20. Rf2
Rfc8 21. Rcf1 Be8 22. Rc1 g6 23. b4 Bb6 24. Rff1 Kf8 25. Na2 e5 26. Rxc4 Rxc4
27. Rc1 Rxc1+ 28. Naxc1 exd4 29. exd4 Ke7 30. Kf2 a5 31. Ke3 axb4 32. axb4 Bb5
33. Nd3 Bc7 34. Nc3 Bc4 35. Nf4 Kd6 36. Nfe2 Kc6 37. Nc1 Bd6 38. b5+ Bxb5 39.
Nxb5 Kxb5 40. Kd3 Bb4 41. Ne2 g5 42. h4 f6 43. hxg5 fxg5 44. Nc1 Ka4 45. Kc2
Ba5 46. Nd3 Bb6 47. Kc3 Kb5 48. Nb4 Ba5 0-1

[Event "Ì13Ï"]
[Site "Loo"]
[Date "2017.04.28"]
[Round "9.26"]
[White "Äîáøèíîâ, Âëàä."]
[Black "Äåíèñîâ, Ìèõàèë."]
[Result "1-0"]
[WhiteElo "1602"]
[BlackElo "1423"]
[PlyCount "71"]
[EventDate "2017.04.20"]

1. e4 c5 2. Nf3 d6 3. d4 cxd4 4. Nxd4 Nf6 5. Nc3 a6 6. Be2 e5 7. Nb3 Be7 8. O-O
Be6 9. Re1 O-O 10. Bf3 Nbd7 11. a4 Nc5 12. Nxc5 dxc5 13. Nd5 Bxd5 14. exd5 Qd6
15. c4 Rfe8 16. a5 Bf8 17. g3 g6 18. Ra3 Bg7 19. Rb3 Rab8 20. Rb6 Qd8 21. Qb3
Re7 22. Bg5 Rd7 23. Rxe5 h6 24. Bd2 g5 25. Re2 Qc7 26. Bc3 Ne8 27. Bxg7 Kxg7
28. Qc3+ Kg8 29. Rxh6 f6 30. Bh5 Kg7 31. Bxe8 Kxh6 32. Bxd7 Qxd7 33. Qxf6+ Kh5
34. Re7 Qh3 35. Rh7+ Kg4 36. f3# 1-0

[Event "Ì13Ï"]
[Site "Loo"]
[Date "2017.04.28"]
[Round "9.27"]
[White "Çûðÿíîâ, Êîíñòàíòèí."]
[Black "Õóñíóëãàòèí, Àðòåì."]
[Result "1-0"]
[WhiteElo "1571"]
[BlackElo "1592"]
[PlyCount "173"]
[EventDate "2017.04.20"]

1. e4 e5 2. Nf3 Nc6 3. d4 exd4 4. Nxd4 Bc5 5. Be3 Bb6 6. Nf5 Bxe3 7. Nxe3 Nf6
8. Nc3 d6 9. f3 O-O 10. Qd2 Be6 11. O-O-O a6 12. g4 b5 13. g5 Nd7 14. f4 Nc5
15. f5 Bd7 16. f6 Ne5 17. Ned5 Bg4 18. Be2 Bxe2 19. Qxe2 Ncd7 20. Ne7+ Kh8 21.
fxg7+ Kxg7 22. Nf5+ Kh8 23. Qh5 Rg8 24. h4 f6 25. Nd5 fxg5 26. hxg5 Qxg5+ 27.
Qxg5 Rxg5 28. Nxc7 Ra7 29. Ne6 Rg4 30. Rxd6 Nf7 31. Rc6 Nfe5 32. Rc8+ Rg8 33.
Rxg8+ Kxg8 34. Rg1+ Ng6 35. Nh6+ Kh8 36. Nf7+ Kg8 37. Nh6+ Kh8 38. Kd2 Nde5 39.
Rf1 Rd7+ 40. Kc3 Rd6 41. Ng5 Rc6+ 42. Kb3 a5 43. c3 Rc4 44. Rd1 Rc8 45. Rd5 Rb8
46. Rc5 a4+ 47. Kc2 b4 48. cxb4 Rxb4 49. Rc8+ Kg7 50. Nf5+ Kf6 51. Nxh7+ Ke6
52. Re8+ Kf7 53. Nd6+ Kg7 54. Ng5 Rb6 55. Nf5+ Kf6 56. Nh7+ Kf7 57. Ra8 Rb4 58.
Ra7+ Ke8 59. Nf6+ Kd8 60. Ra8+ Kc7 61. Nd5+ Kb7 62. Nxb4 Kxa8 63. Nd3 a3 64.
bxa3 Kb7 65. Nxe5 Nxe5 66. Kc3 Kc6 67. Nd4+ Kc5 68. a4 Nd7 69. Nb3+ Kb6 70. Kb4
Nf6 71. Nc5 Ng4 72. a5+ Ka7 73. a6 Ne5 74. Kb5 Nf7 75. Kc6 Kb8 76. a4 Ka7 77.
a5 Kb8 78. Kd5 Ka7 79. e5 Nxe5 80. Kxe5 Kb8 81. Kd6 Ka8 82. Kc6 Ka7 83. Kb5 Ka8
84. Kb6 Kb8 85. Ne6 Ka8 86. Nc7+ Kb8 87. a7+ 1-0

[Event "Ì13Ï"]
[Site "Loo"]
[Date "2017.04.28"]
[Round "9.29"]
[White "Õàéðóëëèí, Àìèð."]
[Black "Ñìîëèí, Àëåêñåé."]
[Result "0-1"]
[WhiteElo "1518"]
[BlackElo "1815"]
[PlyCount "34"]
[EventDate "2017.04.20"]

1. e4 c5 2. c3 g6 3. d4 cxd4 4. cxd4 Bg7 5. Nf3 Nf6 6. Nc3 d6 7. Be2 O-O 8. O-O
Nc6 9. Bf4 d5 10. e5 Ne4 11. Qc1 e6 12. Bh6 Bd7 13. Qf4 f6 14. exf6 Nxf6 15.
Qh4 Ne4 16. Ng5 Bxh6 17. Ncxe4 Kg7 0-1

[Event "Ì13Ï"]
[Site "Loo"]
[Date "2017.04.28"]
[Round "9.30"]
[White "Áåëîâ, Äàíèëà."]
[Black "×óêëèí, Èâàí."]
[Result "0-1"]
[WhiteElo "1518"]
[BlackElo "1791"]
[PlyCount "54"]
[EventDate "2017.04.20"]

1. Nf3 c5 2. d3 Nc6 3. e4 g6 4. c3 d5 5. Nbd2 Bg7 6. Qc2 e5 7. g3 Nge7 8. Bg2
O-O 9. O-O d4 10. Nb3 b6 11. cxd4 cxd4 12. a3 Ba6 13. Ng5 h6 14. Nh3 Rc8 15.
Qd1 f5 16. f4 fxe4 17. Bxe4 Qd7 18. Nf2 exf4 19. Bxf4 Ne5 20. Re1 N7c6 21. Rc1
Bb7 22. Bxe5 Nxe5 23. Bxb7 Qxb7 24. Rxc8 Nf3+ 25. Kf1 Qxc8 26. Re4 Ng5 27. Re2
Qh3+ 0-1

[Event "Ì13Ï"]
[Site "Loo"]
[Date "2017.04.28"]
[Round "9.31"]
[White "Íàäâèäîâ, Àðñëàí."]
[Black "Âàñèëüåâ, Èëüÿ."]
[Result "0-1"]
[WhiteElo "1512"]
[BlackElo "1779"]
[PlyCount "84"]
[EventDate "2017.04.20"]

1. Nf3 Nf6 2. g3 b6 3. Bg2 Bb7 4. d4 e6 5. c4 Be7 6. Nc3 Ne4 7. O-O O-O 8. Nd2
Nxc3 9. bxc3 Bxg2 10. Kxg2 c5 11. e3 d5 12. Qf3 Nc6 13. cxd5 exd5 14. Ba3 cxd4
15. Bxe7 Qxe7 16. cxd4 Qd6 17. Qf4 Qxf4 18. gxf4 Rac8 19. a3 Rc7 20. Rfc1 Rfc8
21. Nb3 Kf8 22. Kf3 Ke7 23. Ke2 a5 24. a4 Nb4 25. Rxc7+ Rxc7 26. Rc1 Rxc1 27.
Nxc1 Kd6 28. Kd2 Ke6 29. Nd3 Nxd3 30. Kxd3 f5 31. Kc3 Kd6 32. f3 Kc6 33. Kd3 b5
34. axb5+ Kxb5 35. e4 fxe4+ 36. fxe4 dxe4+ 37. Kxe4 a4 38. d5 Kc5 39. Ke5 a3
40. d6 a2 41. d7 a1=Q+ 42. Kf5 Qf6+ 0-1

[Event "Ì13Ï"]
[Site "Loo"]
[Date "2017.04.28"]
[Round "9.32"]
[White "Ñìèðíîâ, ßðîñëàâ."]
[Black "Õàíæèí, Òèìóð."]
[Result "0-1"]
[WhiteElo "1488"]
[BlackElo "1751"]
[PlyCount "90"]
[EventDate "2017.04.20"]

1. Nf3 Nf6 2. d4 g6 3. c4 Bg7 4. Nc3 d6 5. g3 Nbd7 6. Bg2 O-O 7. O-O c6 8. e4
e5 9. h3 Re8 10. Be3 exd4 11. Nxd4 Nc5 12. Qc2 Qe7 13. f3 d5 14. b4 Ncd7 15.
cxd5 cxd5 16. Ndb5 dxe4 17. fxe4 Ne5 18. Bc5 Qd8 19. Rad1 Bd7 20. Nd6 Re6 21.
Nxb7 Qc7 22. Nd6 Bf8 23. Qd2 a5 24. Rxf6 Rxf6 25. Nd5 Rxd6 26. Nxc7 Rxd2 27.
Rxd2 Bxc5+ 28. bxc5 Rb8 29. Rd5 Rb1+ 30. Kf2 Rb2+ 31. Kf1 f6 32. c6 Bxc6 33.
Rxa5 Nc4 34. Ra7 Ne3+ 35. Ke1 Nxg2+ 36. Kf1 Ne3+ 37. Ke1 Rb7 38. Rxb7 Bxb7 39.
Kf2 Nd1+ 40. Kf3 Nc3 41. Kf4 Nxe4 42. g4 Kf7 43. h4 g5+ 44. hxg5 fxg5+ 45. Kf5
h6 {äàëåå çàïèñü íåðàçáîð~~èâà} 0-1

[Event "Ì13Ï"]
[Site "Loo"]
[Date "2017.04.28"]
[Round "9.33"]
[White "Ãîðÿ÷åâ, Âëàäèñëàâ."]
[Black "Èîíî÷êèí, Ìàêñèì."]
[Result "1-0"]
[WhiteElo "1479"]
[BlackElo "1745"]
[PlyCount "119"]
[EventDate "2017.04.20"]

1. e4 c6 2. d4 d5 3. exd5 cxd5 4. c4 Nf6 5. Nc3 e6 6. Nf3 Bb4 7. a3 Ba5 8. Be2
a6 9. O-O dxc4 10. Bxc4 b5 11. Be2 Bb7 12. h3 O-O 13. Be3 Nbd7 14. Rc1 Rc8 15.
b4 Bb6 16. Nd2 e5 17. Nb3 exd4 18. Nxd4 Ne5 19. Nf5 Bxe3 20. Nxe3 Rc7 21. Qb3
Qc8 22. Rfd1 Kh8 23. Na2 Rd8 24. Rxd8+ Qxd8 25. Rxc7 Qxc7 26. Qc3 Qxc3 27. Nxc3
Be4 28. f4 Ned7 29. g4 Bc6 30. Kf2 Nb6 31. Bf3 Bxf3 32. Kxf3 Kg8 33. Ke2 Kf8
34. Kd3 Ke7 35. Kd4 Kd7 36. Kc5 Kc7 37. Ncd5+ Nbxd5 38. Nxd5+ Nxd5 39. Kxd5 Kd7
40. h4 h6 41. f5 g6 42. f6 Kc7 43. Kc5 Kd7 44. Kd5 Kc7 45. Kc5 Kd7 46. Kb6 Ke6
47. Kxa6 Kxf6 48. Kxb5 Ke5 49. Ka6 Kf4 50. b5 Kxg4 51. b6 Kxh4 52. b7 f5 53.
b8=Q Kg4 54. Qh2 Kg5 55. Kb5 h5 56. a4 f4 57. a5 Kg4 58. a6 Kg5 59. a7 Kg4 60.
a8=Q 1-0

[Event "Ì13Ï"]
[Site "Loo"]
[Date "2017.04.28"]
[Round "9.35"]
[White "Ìîíãóø, Êåæèê."]
[Black "Áóñûãèí, Êèðèëë."]
[Result "0-1"]
[WhiteElo "1594"]
[BlackElo "1468"]
[PlyCount "66"]
[EventDate "2017.04.20"]

1. d4 d5 2. c4 c6 3. Nf3 Nf6 4. e3 g6 5. Nbd2 Bg7 6. b3 O-O 7. Bb2 Bg4 8. h3
Bxf3 9. Nxf3 e6 10. Bd3 Nbd7 11. O-O b6 12. Rc1 dxc4 13. bxc4 c5 14. Qe2 Qc7
15. Rfd1 Rad8 16. a4 Rfe8 17. e4 cxd4 18. Nxd4 Nc5 19. Bc2 a6 20. g3 Nh5 21.
Kg2 Rd7 22. f4 e5 23. Nf3 Rxd1 24. Rxd1 exf4 25. Bxg7 Kxg7 26. g4 Ng3 27. Qd2
Ngxe4 28. Qd4+ Kg8 29. Re1 Rd8 30. Qb2 Nd2 31. Nxd2 Rxd2+ 32. Kf1 Qc6 33. Qh8+
Kxh8 0-1

[Event "Ì13Ï"]
[Site "Loo"]
[Date "2017.04.28"]
[Round "9.36"]
[White "Ëèëÿê, Àðñåíèé."]
[Black "Ùåòêèí, Êèðèëë."]
[Result "0-1"]
[WhiteElo "1349"]
[BlackElo "1594"]
[PlyCount "56"]
[EventDate "2017.04.20"]

1. e4 e5 2. Nf3 Nc6 3. Bc4 Bc5 4. d3 d6 5. h3 Nf6 6. Nc3 Be6 7. Bb3 h6 8. Be3
Bxe3 9. fxe3 Bxb3 10. axb3 O-O 11. O-O Re8 12. Qe1 d5 13. exd5 Nxd5 14. Nxd5
Qxd5 15. Nh4 e4 16. d4 Ne7 17. Qf2 g5 18. Nf5 Nxf5 19. Qxf5 Qxf5 20. Rxf5 a6
21. Raf1 Re7 22. c4 Rd8 23. Rd1 Kg7 24. d5 c6 25. d6 Red7 26. c5 b6 27. b4 bxc5
28. bxc5 Rb8 {äàëåå çàïèñü íåðàçáîð~~èâà} 0-1

[Event "Ì13Ï"]
[Site "Loo"]
[Date "2017.04.28"]
[Round "9.37"]
[White "Æåðäåâ, Ñâÿòîñëàâ."]
[Black "Çóðàáÿí, Âàãå."]
[Result "0-1"]
[WhiteElo "1293"]
[BlackElo "1591"]
[PlyCount "68"]
[EventDate "2017.04.20"]

1. e4 e6 2. d3 d5 3. Nd2 c5 4. Ngf3 Nc6 5. g3 Nf6 6. Bg2 Bd6 7. O-O O-O 8. Re1
Qc7 9. Nf1 b5 10. h4 Bb7 11. N1h2 Rad8 12. Qe2 Nd7 13. Ng4 dxe4 14. dxe4 c4 15.
e5 Bc5 16. Bg5 Be7 17. Bxe7 Nxe7 18. h5 h6 19. Rad1 Nd5 20. Nd4 a6 21. Be4 Nc5
22. Qd2 Nxe4 23. Rxe4 c3 24. Qd3 Nb4 25. Qe2 Bxe4 26. Qxe4 cxb2 27. Rb1 Qc3 28.
Nxe6 fxe6 29. Qg6 Qd2 30. f4 Qc1+ 31. Kg2 Qxb1 32. Nxh6+ Kh8 33. Nf5 Qxc2+ 34.
Kh3 Qxf5+ 0-1

[Event "Ì13Ï"]
[Site "Loo"]
[Date "2017.04.28"]
[Round "9.38"]
[White "Ãóõìàí, Ñåðãåé."]
[Black "Ïåòðîâ, Ìàêñèì."]
[Result "1-0"]
[WhiteElo "1580"]
[BlackElo "1359"]
[PlyCount "67"]
[EventDate "2017.04.20"]

1. d4 d5 2. Nf3 Nf6 3. c4 dxc4 4. e3 e6 5. Bxc4 c5 6. O-O a6 7. a4 Nc6 8. Qe2
Be7 9. Rd1 Qc7 10. b3 O-O 11. Nbd2 b6 12. Bb2 Bb7 13. dxc5 Bxc5 14. Bxf6 gxf6
15. Ne4 Qe7 16. Qb2 e5 17. Nh4 Bc8 18. Bd5 f5 19. Nxc5 bxc5 20. Bxc6 Rb8 21.
Nf3 f6 22. Bd5+ Be6 23. Rac1 Rfc8 24. Qd2 Rd8 25. Bxe6+ Qxe6 26. Qc2 e4 27.
Rxd8+ Rxd8 28. Ne1 Rd5 29. Qc4 Kg7 30. Kf1 Qd6 31. Qc2 Rd2 32. Qxc5 Qxh2 33.
Qc7+ Qxc7 34. Rxc7+ 1-0

[Event "Ì13Ï"]
[Site "Loo"]
[Date "2017.04.28"]
[Round "9.39"]
[White "Òàòàðöåâ, Àëåêñàíäð."]
[Black "Æàâîðîíêîâ, Àëåêñàíäð."]
[Result "0-1"]
[WhiteElo "1346"]
[BlackElo "1572"]
[PlyCount "132"]
[EventDate "2017.04.20"]

1. d4 Nf6 2. c4 g6 3. Nc3 Bg7 4. e4 d6 5. Nf3 O-O 6. h3 e5 7. d5 Nbd7 8. Be3
Ne8 9. Qd2 f5 10. Bh6 f4 11. Bxg7 Nxg7 12. Be2 Nf6 13. O-O-O Bd7 14. Ne1 Ngh5
15. Nd3 Qe7 16. Kb1 Rf7 17. Rdg1 Raf8 18. Qd1 Ng7 19. Qd2 Nfh5 20. Qd1 a6 21.
Nc1 Qh4 22. Rf1 Qg5 23. Rhg1 Qh4 24. Nd3 Kh8 25. Ne1 Qe7 26. Nf3 Nf6 27. Nh2
Ngh5 28. Ng4 Qe8 29. Nh6 Re7 30. Ng4 Ng7 31. g3 Nfh5 32. Qe1 Qc8 33. Bf3 Ref7
34. Nh6 Re7 35. Ng4 Ne8 36. Qe2 Neg7 37. Qe1 b5 38. cxb5 axb5 39. Rh1 fxg3 40.
fxg3 Ref7 41. Be2 Rxf1 42. Rxf1 Rxf1 43. Bxf1 b4 44. Ne2 Bxg4 45. hxg4 Qxg4 46.
Qxb4 h6 47. Nc3 Nxg3 48. Bb5 h5 49. a4 h4 50. a5 h3 51. a6 h2 52. a7 h1=Q+ 53.
Ka2 Nxe4 54. a8=Q+ Kh7 55. Bd3 Nxc3+ 56. Qxc3 Qgg1 57. Qac6 Qa7+ 58. Kb3 Qb8+
59. Kc2 Qg2+ 60. Kb1 Qg1+ 61. Kc2 Qf2+ 62. Kb1 Qg1+ 63. Ka2 Qba7+ 64. Qa3 Qxa3+
65. bxa3 Qg2+ 66. Kb3 Qf3 {äàëåå çàïèñü íåðàçáîð~~èâà} 0-1

[Event "Ì13Ï"]
[Site "Loo"]
[Date "2017.04.28"]
[Round "9.40"]
[White "Øàëèìî, Åâãåíèé."]
[Black "Ëîáîâ, Àëåêñàíäð."]
[Result "1/2-1/2"]
[WhiteElo "1557"]
[BlackElo "1447"]
[PlyCount "80"]
[EventDate "2017.04.20"]

1. d4 d5 2. c4 c6 3. Nf3 Nf6 4. Nc3 h6 5. Bf4 dxc4 6. a4 Bf5 7. e3 e6 8. Bxc4
Nbd7 9. O-O Be7 10. Qe2 O-O 11. e4 Bg6 12. Rfe1 Nb6 13. Bb3 a5 14. Rad1 Bb4 15.
Bc2 Re8 16. Ne5 Bh7 17. Ng4 Nxg4 18. Qxg4 Kh8 19. Re3 Nc4 20. Rg3 Rg8 21. Bc1
Qe7 22. Bd3 Nb6 23. e5 Bxd3 24. Rdxd3 Nd5 25. Qh5 Kh7 26. Rh3 Qf8 27. Rdf3 f5
28. Ne4 g6 29. Ng5+ Kh8 30. Qxh6+ Qxh6 31. Rxh6+ Kg7 32. Nxe6+ Kf7 33. Ng5+ Ke8
34. Rh7 b5 35. axb5 cxb5 36. g4 Rc8 37. Be3 Nxe3 38. Rxe3 Bd2 39. Rb7 Bxe3 40.
fxe3 Rh8 1/2-1/2

[Event "Ì13Ï"]
[Site "Loo"]
[Date "2017.04.28"]
[Round "9.41"]
[White "Ãîôìàí, Ëåâ."]
[Black "Ðîäèí, Àëåêñàíäð."]
[Result "1/2-1/2"]
[WhiteElo "1528"]
[BlackElo "1207"]
[PlyCount "92"]
[EventDate "2017.04.20"]

1. e4 Nc6 2. Nc3 Nf6 3. d4 d6 4. f4 e5 5. dxe5 dxe5 6. Qxd8+ Kxd8 7. Bb5 Nd4 8.
Ba4 Bd7 9. Bb3 Bb4 10. Nf3 Nxe4 11. Nxe5 Nxc3 12. Bd2 Nxb3 13. axb3 Re8 14.
bxc3 Bd6 15. O-O Bxe5 16. fxe5 Ke7 17. Be3 Kf8 18. Rad1 Bg4 19. Bc5+ Kg8 20.
Rde1 h6 21. Rf4 Bh5 22. Bd4 Bg6 23. Re2 Re6 24. h4 Ra6 25. g4 Ra2 26. Rff2 Re8
27. h5 Bh7 28. Bc5 Re6 29. Rd2 Re8 30. Rde2 b6 31. e6 fxe6 32. Rxe6 Rd8 33. Be7
Re8 34. Bd6 Rc8 35. Bxc7 Rxc2 36. Rxc2 Bxc2 37. Be5 Kf7 38. Rd6 Re8 39. Bd4
Bxb3 40. Rd7+ Re7 41. Rxe7+ Kxe7 42. Bxg7 Bd1 43. Bxh6 Bxg4 44. Bg5+ Kd6 45. h6
Bf5 46. Be3 Kd5 1/2-1/2

[Event "Ì13Ï"]
[Site "Loo"]
[Date "2017.04.28"]
[Round "9.42"]
[White "Èîíà, Àëåêñàíäð."]
[Black "Æèðÿêîâ, Ñòàíèñëàâ."]
[Result "0-1"]
[WhiteElo "1277"]
[BlackElo "1639"]
[PlyCount "106"]
[EventDate "2017.04.20"]

1. e4 c6 2. d4 d5 3. e5 c5 4. dxc5 Nc6 5. Nf3 Bf5 6. a3 Qa5+ 7. Nc3 e6 8. Bd2
Qd8 9. Be3 Nge7 10. Be2 Bg6 11. Bg5 a6 12. b4 Qc7 13. Bf4 Nf5 14. g4 Nfe7 15.
Na4 Be4 16. Nb6 Rb8 17. Bd3 Rd8 18. Qe2 Bxd3 19. cxd3 Ng6 20. Bg5 Be7 21. Bxe7
Qxe7 22. d4 Nf4 23. Qd2 Ng6 24. a4 h5 25. g5 f6 26. gxf6 gxf6 27. Rg1 Qf7 28.
b5 axb5 29. axb5 Nce7 30. Ra3 Rf8 31. exf6 Qxf6 32. Qg5 Qf7 33. Qxh5 Rh8 34.
Qg5 Rg8 35. Qd2 Nf5 36. Ng5 Qf6 37. Nf3 Rf8 38. Qg5 Qxg5 39. Rxg5 Nf4 40. Rg4
Ne7 41. Ng5 Rg8 42. Rxf4 Rxg5 43. Kf1 Nf5 44. c6 bxc6 45. bxc6 Rg7 46. Rc3 Rc7
47. h4 Ke7 48. Rc5 Ng7 49. Rg4 Nf5 50. Rc3 Rd6 51. Nd7 Rdxd7 52. Rf3 Rxc6 53.
h5 Kd6 0-1

[Event "Ì13Ï"]
[Site "Loo"]
[Date "2017.04.28"]
[Round "9.43"]
[White "Äåìåõèí, Ìàêñèì."]
[Black "Íåëîâêî, Íèêèòà."]
[Result "1/2-1/2"]
[WhiteElo "1442"]
[BlackElo "1618"]
[PlyCount "71"]
[EventDate "2017.04.20"]

1. d4 d5 2. c4 e5 3. dxe5 d4 4. e3 Bb4+ 5. Bd2 dxe3 6. Qa4+ Nc6 7. Bxb4 exf2+
8. Kxf2 Qd4+ 9. Ke1 Qxe5+ 10. Ne2 Bd7 11. Bc3 Qg5 12. Qb5 Qh4+ 13. g3 Qe4 14.
Qd5 Qg6 15. Nf4 Qh6 16. Qh5 O-O-O 17. Qxh6 Nxh6 18. Bxg7 Rhe8+ 19. Kf2 Ng4+ 20.
Kf3 Nb4 21. Nc3 Nc2 22. Rc1 Ne1+ 23. Rxe1 Rxe1 24. h3 Rg8 25. Bd4 Rxf1+ 26.
Rxf1 Nh2+ 27. Kg2 Nxf1 28. Kxf1 Rxg3 29. Nce2 Rg5 30. Kf2 a6 31. Kf3 c6 32. Ke4
Rg8 33. a3 Re8+ 34. Kf3 Bf5 35. Ng3 Bc2 36. h4 {äàëåå çàïèñü íåðàçáîð~~èâà}
1/2-1/2

[Event "Ì13Ï"]
[Site "Loo"]
[Date "2017.04.28"]
[Round "9.44"]
[White "Ðåâà, Ëåâ."]
[Black "Ïóãèí, Ñòåïàí."]
[Result "1/2-1/2"]
[WhiteElo "1558"]
[BlackElo "1425"]
[PlyCount "66"]
[EventDate "2017.04.20"]

1. Nf3 f5 2. d4 e6 3. c4 Bb4+ 4. Bd2 Bxd2+ 5. Qxd2 Nf6 6. Nc3 b6 7. e3 Bb7 8.
Be2 Ne4 9. Qc2 d6 10. Bd3 Nxc3 11. Qxc3 O-O 12. Qc2 Nc6 13. a3 Qf6 14. Be2 Ne7
15. Rd1 Be4 16. Qc3 Rfd8 17. O-O Qg6 18. Nh4 Qh6 19. Nf3 Ng6 20. Nd2 Bb7 21.
Bf3 Bxf3 22. Nxf3 Nh4 23. Nxh4 Qxh4 24. Qe1 c5 25. f4 Qxe1 26. Rfxe1 Kf7 27.
Kf2 Kf6 28. d5 e5 29. h4 Re8 30. Kf3 e4+ 31. Kg3 Rab8 32. a4 a5 33. Rc1 h5
1/2-1/2

[Event "Ì13Ï"]
[Site "Loo"]
[Date "2017.04.28"]
[Round "9.45"]
[White "Ëèòâèíîâ, Äìèòðèé."]
[Black "Øèëÿåâ, Ìàðê."]
[Result "1-0"]
[WhiteElo "1548"]
[BlackElo "1469"]
[PlyCount "127"]
[EventDate "2017.04.20"]

1. e4 e5 2. Nf3 Nc6 3. Bb5 a6 4. Bxc6 dxc6 5. Nc3 f6 6. d4 exd4 7. Nxd4 c5 8.
Nde2 Qxd1+ 9. Nxd1 Bd6 10. Bf4 Ne7 11. Ne3 Be6 12. a3 Ng6 13. Bxd6 cxd6 14.
O-O-O O-O-O 15. Rhe1 Rhe8 16. f3 Kd7 17. Nc3 Ne5 18. Ncd5 Bxd5 19. Nxd5 Kc6 20.
b3 Nd7 21. Rd2 Nb6 22. Ne3 g6 23. Rde2 Re6 24. Nd5 Rde8 25. Kd2 Nd7 26. c4 b5
27. Kc3 g5 28. Ne3 Ne5 29. Nf5 Rd8 30. Rb1 Rb8 31. Rd1 Rd8 32. Red2 Rd7 33. Rb2
Rb7 34. Rbd2 Rd7 35. Rh1 h5 36. h3 Re8 37. Rhd1 Re6 38. h4 g4 39. f4 Ng6 40. g3
Nf8 41. Re1 Ng6 42. Rde2 Rf7 43. Nh6 Rh7 44. Nf5 Rf7 45. Nh6 Rh7 46. f5 Re8 47.
Nxg4 hxg4 48. fxg6 Rh6 49. Rf2 Rxg6 50. Rf4 Re6 51. Rh1 a5 52. h5 Rg8 53. h6 a4
54. bxa4 bxa4 55. h7 Rh8 56. Rxg4 Re7 57. Rgh4 Rg7 58. R4h3 Kd7 59. Kd3 Ke6 60.
Ke3 Ke5 61. Rh5+ Ke6 62. Kf4 Rb7 63. Rh6 Rg7 64. g4 1-0

[Event "Ì13Ï"]
[Site "Loo"]
[Date "2017.04.28"]
[Round "9.46"]
[White "Íàçàðîâ, Äåíèñ."]
[Black "Ðûáèí, Ýäóàðä."]
[Result "0-1"]
[WhiteElo "1534"]
[BlackElo "1422"]
[PlyCount "82"]
[EventDate "2017.04.20"]

1. d4 d5 2. c4 e6 3. Nf3 c5 4. cxd5 exd5 5. Nc3 Nf6 6. Bg5 Be6 7. e4 Be7 8.
dxc5 dxe4 9. Bb5+ Nbd7 10. Nd2 O-O 11. b4 a5 12. a3 Rc8 13. O-O Qc7 14. Bxd7
Bxd7 15. Bxf6 Bxf6 16. Nd5 Qe5 17. Nxf6+ gxf6 18. Nc4 Qe7 19. Nxa5 Be6 20. Qd6
Qxd6 21. cxd6 b6 22. Nb7 Rb8 23. Nc5 bxc5 24. bxc5 Rbc8 25. Rfc1 Rc6 26. Rc3
Rfc8 27. Rac1 f5 28. Kf1 Kg7 29. Ke2 Kf6 30. Ke3 Bd7 31. g4 h6 32. Kf4 Rg8 33.
h3 fxg4 34. Kxe4 Re8+ 35. Kd4 gxh3 36. Rg1 Re5 37. f4 Re2 38. Kc4 Ra6 39. Rb1
h2 40. Rcc1 Rxa3 41. Kb4 Ra4+ 0-1

[Event "Ì13Ï"]
[Site "Loo"]
[Date "2017.04.28"]
[Round "9.47"]
[White "Ãàëêèí, Ëåîíèä."]
[Black "Òóêàåâ, Òèìóð."]
[Result "1-0"]
[WhiteElo "1525"]
[BlackElo "1300"]
[PlyCount "91"]
[EventDate "2017.04.20"]

1. e4 d6 2. d4 Nf6 3. Nc3 c6 4. f4 Qa5 5. Bd3 e5 6. fxe5 dxe5 7. dxe5 Ng4 8.
Nf3 Nxe5 9. Nxe5 Qxe5 10. O-O Bc5+ 11. Kh1 O-O 12. Bf4 Qe7 13. Qf3 Be6 14. Rae1
Nd7 15. Qg3 Rfe8 16. e5 Nf8 17. Bg5 Qd7 18. Ne4 Be7 19. Bxe7 Qxe7 20. Nf6+ Kh8
21. Nxe8 Rxe8 22. b3 Ng6 23. Bxg6 hxg6 24. c4 Bf5 25. Qf4 Rd8 26. Rd1 Rxd1 27.
Rxd1 Kg8 28. Qd4 Kf8 29. Qd8+ Qxd8 30. Rxd8+ Ke7 31. Ra8 a6 32. a3 Kd7 33. Rb8
Kc7 34. Rg8 Be6 35. Rxg7 b5 36. cxb5 cxb5 37. b4 Bd5 38. Kg1 Kd7 39. Kf2 Ke6
40. Rg8 Kxe5 41. Rb8 Kd4 42. Rb6 Kc3 43. Rxa6 Bb3 44. g4 Ba4 45. Rxa4 bxa4 46.
b5 1-0

[Event "Ì13Ï"]
[Site "Loo"]
[Date "2017.04.28"]
[Round "9.48"]
[White "Øåìàõàíîâ, Äàíèëà."]
[Black "Þäèí, Äàíèë."]
[Result "1/2-1/2"]
[WhiteElo "1522"]
[BlackElo "1374"]
[PlyCount "86"]
[EventDate "2017.04.20"]

1. c4 e6 2. g3 d5 3. Bg2 c6 4. cxd5 exd5 5. e3 Nf6 6. Ne2 Be7 7. O-O Bf5 8. d4
Nbd7 9. Nd2 O-O 10. Nf3 Ne4 11. h3 Re8 12. Nh2 Bd6 13. g4 Bg6 14. f3 Bxh2+ 15.
Kxh2 Qc7+ 16. Kg1 Ng3 17. f4 Nxf1 18. Qxf1 Be4 19. Bxe4 Rxe4 20. Ng3 Ree8 21.
h4 Nf6 22. g5 Ne4 23. Qf3 Qd7 24. Nxe4 Rxe4 25. Bd2 Qf5 26. Rf1 Rae8 27. Kg2
R8e6 28. Bc1 f6 29. Rh1 fxg5 30. hxg5 g6 31. Rh3 Re7 32. Rg3 R4e6 33. Qd1 b6
34. b4 Rc7 35. Bb2 Rce7 36. Bc1 Rc7 37. Bb2 Qe4+ 38. Rf3 c5 39. bxc5 bxc5 40.
Qb3 Kf7 41. Qb8 Rec6 42. dxc5 Qc2+ 43. Rf2 Qe4+ 1/2-1/2

[Event "Ì13Ï"]
[Site "Loo"]
[Date "2017.04.28"]
[Round "9.49"]
[White "Ýêèìîâ, Ïàâåë."]
[Black "Ñàâèöêèé, Êèðèëë."]
[Result "0-1"]
[WhiteElo "1346"]
[BlackElo "1508"]
[PlyCount "94"]
[EventDate "2017.04.20"]

1. d4 Nf6 2. Bg5 Ne4 3. Bh4 d5 4. f3 Nd6 5. Nc3 c6 6. e4 Qa5 7. Qd2 e6 8. O-O-O
Nd7 9. Kb1 Nb6 10. Nge2 Nbc4 11. Qc1 b5 12. Nf4 b4 13. Bxc4 Nxc4 14. Nce2 Rb8
15. b3 Na3+ 16. Kb2 Nb5 17. Be1 Be7 18. Nd3 Ba6 19. Ne5 Rc8 20. Qd2 Nd6 21. Ng3
Nb5 22. Ne2 c5 23. c3 cxd4 24. cxb4 Qa3+ 25. Kb1 Nc3+ 26. Nxc3 dxc3 27. Qc2 Bf6
28. Nd3 Bxd3 29. Rxd3 d4 30. Bg3 Qxb4 31. e5 Be7 32. Rhd1 Bc5 33. Bf2 Rd8 34.
Be1 Bb6 35. Qf2 O-O 36. Qc2 Rd5 37. f4 a5 38. a4 Ba7 39. Ka2 Bc5 40. Ka1 Rb8
41. Rb1 Qa3+ 42. Qa2 c2 43. Qxa3 cxb1=Q+ 44. Kxb1 Bxa3 45. Ka2 Bb4 46. Bxb4
Rxb4 47. Kb2 Rc5 0-1